地理の統計TOP5〜6 鉄鉱石編 - Statistics

General Stats
  • This quiz has been taken 8 times
  • The average score is 12 of 26
Answer Stats
統計 世界計 順位 Answer % Correct
鉄鉱石埋蔵量 850億t 1 オーストラリア
100%
2 ブラジル
71%
3 ロシア
71%
鉄鉱石生産量 15.2億t 1 オーストラリア
71%
3 中国
71%
4 中国
57%
2 ブラジル
57%
鉄鉱石輸出量 15.9億t 1 オーストラリア
57%
2 ブラジル
57%
鉄鉱石輸入量 15.6億t 1 中国
57%
2 日本
57%
日本の鉄鉱石輸入先 1.0億t 1 オーストラリア
57%
2 ブラジル
57%
5 インド
43%
4 インド
43%
5 ロシア
43%
3 韓国
43%
4 ドイツ
43%
3 カナダ
43%
5 アメリカ
43%
5 オランダ
29%
6 ウクライナ
14%
3 南アフリカ
14%
4 カナダ
14%
5 ウクライナ
14%
4 南アフリカ
14%
No matching quizzes found
Score Distribution
Percent of People with Each Score
Percentile by Number Answered
Your Score History
You have not taken this quiz